Normal view
MARC view
- DME TEXTBOOK.C++ HOW TO PROGRAM
Entry Topical Term
001 - CONTROL NUMBER
- control field: 91757
003 - CONTROL NUMBER IDENTIFIER
- control field: NUST
005 - DATE AND TIME OF LATEST TRANSACTION
- control field: 20220523152839.0
008 - FIXED-LENGTH DATA ELEMENTS
- fixed length control field: 220523|| aca||aabn | a|a d
040 ## - CATALOGING SOURCE
- Original cataloging agency: NUST
- Transcribing agency: NUST
150 ## - HEADING--TOPICAL TERM
- Topical term or geographic name entry element: DME TEXTBOOK.C++ HOW TO PROGRAM
670 ## - SOURCE DATA FOUND
- Source citation: Work cat.: (NUST)589864: Deitel, Paul , C++ : , 2016.
